Eliminering af kategorier - Dansk Geografi - Statistics

General Stats
  • This quiz has been taken 52 times
  • The average score is 15 of 24
Answer Stats
Group # Category % Correct
Grøn 250 Danske Byer over 2500 indbyggere
96%
Grøn 116 ... med et navn på mindst 8 bogstaver
93%
Grøn 43 ... der ligger på Sjælland
93%
Grøn 24 ... der ikke grænser op til havet
78%
Gul 70 Danske øer større end 1 km^2
78%
Gul 25 ... der ligger i Region Syddanmark
78%
Gul 11 ... der har mere end 100 indbyggere
78%
Blå 98 Danske Kommuner
78%
Blå 44 ... der har en Socialdemokratisk borgmester (efter kommunalvalget i 2021)
74%
Grøn 10 ... der slutter på "e"
70%
Gul 5 ... der ikke har nogle veje forbundet til andre steder
70%
Blå 21 ... der har under 50.000 indbyggere
70%
Rød 418 Danske Byer over 2500 indbyggere, Danske Øer over 1 km^2 ELLER Danske Kommuner
70%
Gul 2 ... der er over 10 km^2
67%
Rød 141 ... der har et "a" i navnet
67%
Blå 13 ... der hedder det samme som kommunens største by
63%
Rød 29 ... der har maksimalt 5 bogstaver i navnet
56%
Blå 5 ... der ikke ligger i Region Hovedstaden
44%
Gul 1 ... og ligger over 20 km fra Fyn Fanø
44%
Rød 10 ... der starter med en vokal
33%
Grøn 1 ... og ligger både syd og øst for Ringsted Store Heddinge
30%
Rød 3 ... der ligger i Region Nordjylland
26%
Rød 1 ... og har et navn på 4 bogstaver Aars
26%
Blå 1 ... og ikke grænser op til havet Sorø Kommune
26%
No matching quizzes found
Score Distribution
Percent of People with Each Score
Percentile by Number Answered
Your Score History
You have not taken this quiz